Biggest U.S. Cities that Contain U.S. State Names - Statistics

General Stats
  • This quiz has been taken 1,296 times
  • The average score is 6 of 8
Answer Stats
Population State City % Correct
8,258,035 New York New York City
97%
510,704 Missouri Kansas City
82%
154,545 Kansas Kansas City
82%
702,767 Oklahoma Oklahoma City
81%
879,293 Indiana Indianapolis
65%
678,972 - Washington D.C.
64%
453,649 Virginia Virginia Beach
48%
488,664 Colorado Colorado Springs
46%
No matching quizzes found
Score Distribution
Percent of People with Each Score
Percentile by Number Answered
Your Score History
You have not taken this quiz